|
|
|
|
| LEADER |
01116nam a2200337 a 4500 |
| 001 |
000225345 |
| 003 |
CZ BrMZK |
| 005 |
20210409112338.0 |
| 007 |
ta |
| 008 |
960815s1997 xr g j cze d |
| 015 |
|
|
|a cnb000296909
|
| 020 |
|
|
|a 80-7210-771-2
|
| 035 |
|
|
|a (OCoLC)84944761
|
| 040 |
|
|
|a BOA001
|b cze
|
| 072 |
|
7 |
|a 821-31/-34
|x Milostná, dobrodružná, fantastická próza
|2 Konspekt
|9 25
|
| 080 |
|
|
|a 821-322.5
|2 MRF
|
| 080 |
|
|
|a (0:82-322.5)
|2 MRF
|
| 100 |
1 |
|
|a Whitte, V. M.
|4 aut
|
| 245 |
1 |
0 |
|a Tisící a druhá noc /
|c V.M. Whitte ; upravila Barbora Malá
|
| 250 |
|
|
|a Vyd. 1.
|
| 260 |
|
|
|a Praha :
|b I. Železný,
|c 1997
|
| 300 |
|
|
|a 58 s. ;
|c 18 cm
|
| 490 |
1 |
|
|a Knihovnička Večerů pod lampou ;
|v 2808
|
| 490 |
1 |
|
|a Cesta za štěstím ;
|v 237 (19/97)
|
| 655 |
|
7 |
|a milostné povídky
|7 fd132834
|2 czenas
|
| 700 |
1 |
|
|a Malá, Barbora
|7 jx20040217010
|4 ant
|
| 830 |
|
0 |
|a Knihovnička Večerů pod lampou
|
| 830 |
|
0 |
|a Cesta za štěstím
|
| 910 |
|
|
|a BOA001
|b 1-1036.750
|
| 990 |
|
|
|a BK
|
| 996 |
6 |
|
|b 2610058067
|c 1-1036.750
|l MZK
|r Sklad / do 1 hodiny
|n 0
|p p.v.
|w 000225345
|u 000010
|a 1
|e BOA001
|j MZK50
|s P
|